| 000 | 01721nam a2200517 i 4500 | ||
|---|---|---|---|
| 001 | 29761 | ||
| 003 | KOSZ 005 | ||
| 005 | 20200619132453.0 | ||
| 008 | 970513s1991 pl a f |001 0 pol | ||
| 015 | _aUWD 1992/124 | ||
| 020 | _a8320413079 | ||
| 035 | _a991001177009705066 | ||
| 035 | _a(PL-WaBN)b10347215-48omnis_nlop | ||
| 035 | _ab10347215 | ||
| 035 | _a(OCoLC)830056918 | ||
| 035 | _a(PL)b0000001034721 | ||
| 035 | _a(EXLNZ-48OMNIS_NETWORK)9910432043405606 | ||
| 040 |
_aWA N _cWA N _dKOSZ 005/EG |
||
| 041 | _apol | ||
| 080 | _a621.18 | ||
| 080 | _a(07) | ||
| 100 | 1 |
_aKapitaniak, Andrzej _eAutor |
|
| 245 | 1 | 0 |
_aBudowa i obsługa grzewczych i przemysłowych kotłów rusztowych / _cAndrzej Kapitaniak, Jacek Sztraube. |
| 260 |
_aWarszawa : _bWydawnictwa Naukowo-Techniczne, _c1991. |
||
| 300 |
_a269, [2] s. : _b3 fot., rys., wykr. ; _c21 cm. |
||
| 336 |
_aTekst _btxt _2rdacontent |
||
| 337 |
_aBez urządzenia pośredniczącego _bn _2rdamedia |
||
| 338 |
_aWolumin _bnc _2rdacarrier |
||
| 380 | _aKsiążki | ||
| 388 | _a1901-2000 | ||
| 388 | _a1989-2000 | ||
| 490 | 1 | _aPoradnik Palacza | |
| 504 | _aBibliogr. s. 255-256. - Indeks. | ||
| 650 | 7 |
_aKotły parowe _2DBN |
|
| 650 | 7 |
_aKotły wodne _2DBN |
|
| 650 | 7 |
_aRuszty _2DBN |
|
| 650 | 7 | _aObsługa i eksploatacja | |
| 655 | 7 |
_aPodręcznik _2DBN |
|
| 658 | _aInżynieria i technika | ||
| 700 | 1 |
_aSztraube, Jacek _eAutor |
|
| 710 | 2 |
_aWydawnictwa Naukowo-Techniczne _4pbl |
|
| 830 | 0 | _aPoradnik Palacza | |
| 856 |
_uhttp://koha.tu.koszalin.pl/cgi-bin/koha/opac-detail.pl?biblionumber=29761 _yKatalog online BPK |
||
| 942 |
_2UKD _cKS |
||
| 999 |
_c29761 _d29761 |
||